000
00272nam a22001097a 4500
008
170104b xxu||||| |||| 00| 0 eng d
020
_a
9780781753692
041
_a
eng
080
_2
6TH ED.
_a
618.2
245
_a
Psychiatric-Mental Health Nursing
_c
Mohr, W.K
942
_2
udc
_c
BK
999
_c
2527
_d
2527